MARC

LEADER 00000nam0a2200000 4500
001 258966
005 20231101233337.0
010 |a 5279001112 
035 |a (RuTPU)RU\TPU\book\281858 
090 |a 258966 
100 |a 20140429d1988 k y0rusy50 ca 
101 0 |a rus 
102 |a RU 
105 |a a z 001zy 
200 1 |a Инструментальная система программирования ЕС ЭВМ (ПРИЗ)  |f М. И. Кахро, А. П. Калья, Э. Х. Тыугу 
205 |a 2-е изд., перераб. и доп. 
210 |a Москва  |c Финансы и статистика  |d 1988 
215 |a 181 с.  |c ил. 
320 |a Библиогр.: с. 179. 
606 1 |a Вычислительные машины электронные  |x Программное обеспечение  |2 stltpush  |3 (RuTPU)RU\TPU\subj\4143  |9 32447 
610 1 |a языки программирования 
610 1 |a ЕС ЭВМ 
610 1 |a ПРИЗ ЕС 
610 1 |a программирование 
610 1 |a базы данных 
675 |a 681.3.06  |v 3 
700 1 |a Кахро  |b М. И.  |g Мальви Иоханнесовна 
701 1 |a Калья  |b А. П.  |g Ахто Пээтерович 
701 1 |a Тыугу  |b Э. Х.  |g Энн Харальдович 
801 1 |a RU  |b 63413507  |c 20140429 
801 2 |a RU  |b 63413507  |c 20150126  |g RCR 
942 |c BK